| 000 | 01292nkm a2200289 i 4500 | ||
|---|---|---|---|
| 001 | 3297 | ||
| 003 | ES-MaACL | ||
| 005 | 20250713062631.0 | ||
| 007 | khrbo | ||
| 008 | 051011s1984 sp --- g |001||spa d | ||
| 100 | 0 |
_aAlfonso, _d1902-1990 _919858 |
|
| 245 | 1 | 0 |
_aPresentación del libro "Orden público y militarismo en la España constitucional (1812-1983)" [ _hFotografía] / _cAlfonso (sello). |
| 260 |
_a[S.l. : _bs.n.], _c1984. |
||
| 300 |
_a6 fot. : _bb. y n. ; _c12,5 x 18 cm. |
||
| 500 | _aDatos basados en invitación. | ||
| 511 | 0 | _aIntervienen: Manuel Ballbé, Eduardo García de Enterría, Cesar Navarro de Francisco. | |
| 518 | _aActo organizado por el Ateneo de Madrid en colaboración con Alianza Editorial, celebrado en el salón de actos el viernes, 17 de febrero de 1984, a las 20:00 h. | ||
| 600 | 1 | 4 |
_aBallbé, Manuel. _924984 |
| 600 | 1 | 4 |
_aGarcía de Enterría, Eduardo. _954425 |
| 600 | 1 | 4 |
_aNavarro de Francisco, César, _d1932- _985113 |
| 610 | 2 | 4 |
_aAteneo de Madrid- _xActos culturales- _y1984- _vFotografías. _91898 |
| 710 | 2 |
_aAteneo de Madrid. _91875 |
|
| 710 | 2 |
_aAlianza Editorial. _9173825 |
|
| 852 |
_aES-MaACL _jFOT 4/1984 |
||
| 856 | 4 |
_uhttp://www.ateneodemadrid.net/biblioteca_digital/imagenes/1984/0004-1984.jpg _zVer imagen |
|
| 999 |
_c3297 _d3297 |
||